Farmers' knowledge on Pesticide application in Vegetable Cultivation / (Record no. 14467)

MARC details
000 -LEADER
fixed length control field 01195nam a22002897a 4500
001 - CONTROL NUMBER
control field BD-DhSAU 9297
003 - CONTROL NUMBER IDENTIFIER
control field BD-DhSAU
005 - DATE AND TIME OF LATEST TRANSACTION
control field 20181209115936.0
008 - FIXED-LENGTH DATA ELEMENTS--GENERAL INFORMATION
fixed length control field 150612b17 bg a||||r|||| 000 0 eng d
040 ## - CATALOGING SOURCE
Original cataloging agency BD-DhSAU
082 ## - DEWEY DECIMAL CLASSIFICATION NUMBER
Edition number 22
Classification number 630.715
Item number N186
100 ## - MAIN ENTRY--PERSONAL NAME
Personal name Nasrin , Mst. Shekha
Relator term Registration No. # 17-07005
245 ## - TITLE STATEMENT
Title Farmers' knowledge on Pesticide application in Vegetable Cultivation /
Remainder of title MS thesis
Statement of responsibility, etc. Nasrin , Mst. Shekha
260 ## - PUBLICATION, DISTRIBUTION, ETC. (IMPRINT)
Place of publication, distribution, etc. Sher-e- Bangla Agricultural University :
Name of publisher, distributor, etc. Department of Agricultural Extension and Information System,
Date of publication, distribution, etc. 2017
300 ## - PHYSICAL DESCRIPTION
Extent ix , 73 p. :
Other physical details ill. ,
Dimensions 30 cm.
500 ## - GENERAL NOTE
General note MS thesis of Department of Agricultural Extension and Information System, Faculty of Agriculture, Sher-e-Bangla Agricultural University, Dhaka, Bangladesh <br/>
590 ## - Name of Cataloguer
Name of Cataloger Shofi
650 ## - SUBJECT ADDED ENTRY--TOPICAL TERM
Topical term or geographic name as entry element Agricultural Extension and Information System
650 ## - SUBJECT ADDED ENTRY--TOPICAL TERM
Topical term or geographic name as entry element Farmer
650 ## - SUBJECT ADDED ENTRY--TOPICAL TERM
Topical term or geographic name as entry element Pesticide
650 ## - SUBJECT ADDED ENTRY--TOPICAL TERM
Topical term or geographic name as entry element Vegetable
650 ## - SUBJECT ADDED ENTRY--TOPICAL TERM
Topical term or geographic name as entry element Cultivation
700 ## - ADDED ENTRY--PERSONAL NAME
Personal name Kabir , Muhammad Humayun
Relator term Supervisor
700 ## - ADDED ENTRY--PERSONAL NAME
Personal name Alam , Md. Mahbubul
Relator term Co-Supervisor
856 ## - ELECTRONIC LOCATION AND ACCESS
Uniform Resource Identifier <a href="http://archive.saulibrary.edu.bd:8080/xmlui/handle/123456789/721">http://archive.saulibrary.edu.bd:8080/xmlui/handle/123456789/721</a>
Link text Online Access
942 ## - ADDED ENTRY ELEMENTS (KOHA)
Source of classification or shelving scheme Dewey Decimal Classification
Koha item type MS Level Thesis
Holdings
Withdrawn status Lost status Source of classification or shelving scheme Damaged status Not for loan Collection code Home library Branch Name Date acquired Total Checkouts Full call number Barcode Date last seen Price effective from Koha item type
    Dewey Decimal Classification   Not For Loan Reference SAU Library SAU Library 08/11/2018   630.715 N186 41009 18/11/2018 18/11/2018 MS Level Thesis